[Event "GBR-ch Major op 95th"]
[Site "Liverpool"]
[Date "2008.08.02"]
[Round "6"]
[White "Mizanur, Rahman"]
[Black "Sathyanandha, Saravanan"]
[Result "1-0"]
[WhiteElo "2129"]
[BlackElo "1954"]
[PlyCount "41"]
[EventDate "2008.07.28"]
[EventType "swiss"]
[EventRounds "11"]
[EventCountry "ENG"]
[SourceTitle "CBM 125 Extra"]
[Source "ChessBase"]
[SourceDate "2008.09.01"]
[SourceVersion "1"]
[SourceVersionDate "2008.09.01"]
[SourceQuality "1"]

1. e4 e6 2. c4 d5 3. exd5 exd5 4. d4 c6 5. Nf3 Nf6 6. Bd3 Be7 7. 0-0 0-0 8. Qc2 Bg4 9. Nbd2 dxc4 10. Bxc4 Nbd7 11. Ne5 Nb6 12. Nxg4 Nxg4 13. Bd3 Qxd4 14. Bxh7+ Kh8 15. Bf5 g6 16. Nf3 Qb4 17. a3 Qd6 18. Bxg4 Kg7 19. Qd2 Rh8 20. Qxd6 Bxd6 21. h4 1-0